|
|
|
|
| LEADER |
00000nam0a2200000 4500 |
| 001 |
13775 |
| 005 |
20231030185141.0 |
| 010 |
|
|
|a 5020090565
|
| 035 |
|
|
|a (RuTPU)RU\TPU\book\13858
|
| 035 |
|
|
|a BOOK00013927
|
| 090 |
|
|
|a 13775
|
| 100 |
|
|
|a 20011209d1999 km y0rusy50 ca
|
| 101 |
0 |
|
|a rus
|
| 102 |
|
|
|a RU
|
| 105 |
|
|
|a y z 000zy
|
| 200 |
1 |
|
|a История Латинской Америки
|e 1918-1945 гг.
|f Под ред. Н. П. Калмыкова
|
| 210 |
|
|
|a Москва
|c Наука
|d 1999
|
| 215 |
|
|
|a 485 с.
|
| 610 |
1 |
|
|a история
|
| 610 |
1 |
|
|a Америка
|
| 610 |
1 |
|
|a Латинская Америка
|
| 610 |
1 |
|
|a 20 век
|
| 610 |
1 |
|
|a Мексика
|
| 610 |
1 |
|
|a Куба
|
| 610 |
1 |
|
|a Аргентина
|
| 610 |
1 |
|
|a Бразилия
|
| 610 |
1 |
|
|a Чили
|
| 610 |
1 |
|
|a Боливия
|
| 610 |
1 |
|
|a политика
|
| 610 |
1 |
|
|a экономика
|
| 610 |
1 |
|
|a международные отношения
|
| 610 |
1 |
|
|a Венесуэла
|
| 610 |
1 |
|
|a Перу
|
| 610 |
1 |
|
|a Эквадор
|
| 610 |
1 |
|
|a Колумбия
|
| 610 |
1 |
|
|a Панама
|
| 610 |
1 |
|
|a Парагвай
|
| 610 |
1 |
|
|a Уругвай
|
| 686 |
|
|
|a Т3(70)
|v LBC/SL-A
|2 rubbk
|
| 702 |
|
1 |
|a Калмыков
|b Н. П.
|4 340
|
| 801 |
|
0 |
|a RU
|b 63413507
|c 20011209
|g PSBO
|
| 801 |
|
2 |
|a RU
|b 63413507
|c 20230628
|g PSBO
|
| 942 |
|
|
|c BK
|